Xuanzangs Leben und werk: die alttürkische Xuanzang-Biographie III :nach der Handschrift von Paris, Peking und St. Petersburg, sowie nach dem Transkript von Annemarie v. Gabain/ (Record no. 65249)
| 000 -BAŞLIK | |
|---|---|
| Sabit Uzunluktaki Kontrol Alanı | 01252nam a22003137a 4500 |
| 001 - KONTROL NUMARASI | |
| Control Dosyası | 0064998 |
| 003 - KONTROL NUMARASI KİMLİĞİ | |
| Kontrol Alanı | KOHA_MİRAKIL |
| 005 - EN SON İŞLEM TARİHİ ve ZAMANI | |
| Kontrol Alanı | 20260207004537.0 |
| 007 - FİZİKSEL TANIM SABİT ALAN - GENEL BİLGİ | |
| Sabit uzunluklu kontrol alanı | ta |
| 008 - SABİT UZUNLUKTAKİ VERİ ÖGELERİ - GENEL BİLGİ | |
| Sabit Alan | 191118b2001 ge |||gr||||#||||0|ger | |
| 020 ## - ISBN - ULUSLARARASI STANDART KİTAP NUMARASI | |
| Isbn | 3447043784 |
| 040 ## - KATALOGLAMA KAYNAĞI | |
| Özgün Kataloglama Kurumu | TR-BiSEU |
| Kataloglama Dili | tur |
| Çeviri Kurumu | TR-BiSEU |
| Açıklama Kuralları | rda |
| 041 0# - DİL KODU | |
| Metin ya da ses kaydının dil kodu | ger |
| -- | tur |
| 044 ## - YAYINLAYAN/ÜRETEN KURULUŞUN ÜLKE KODU | |
| ISO country code | ge |
| 050 ## - SINIFLAMA ve YER NUMARASI | |
| Sınıflama Numarası | BQ8149.H78 |
| Yer Numarası | H82 2001 |
| 245 0# - ESER ADI BİLDİRİMİ | |
| Başlık | Xuanzangs Leben und werk: die alttürkische Xuanzang-Biographie III :nach der Handschrift von Paris, Peking und St. Petersburg, sowie nach dem Transkript von Annemarie v. Gabain/ |
| Sorumluluk Bildirimi | herausgegeben von Alexander Leonhard Mayer und Klaus Röhrborn, Mehmet Ölmez, Klaus Röhrborn. |
| 264 #1 - ÜRERİM, YAYIN, DAĞITIM ve TELİF BİLDİRİMİ | |
| Yayın yeri | Wiesbaden : |
| Yayınlayan | Harrassowitz in Kommission |
| Yayın tarihi | 2001 |
| 300 ## - FİZİKSEL TANIMLAMA | |
| Sayfa, Cilt vb. | v. ; |
| Boyutları | 24 cm. |
| 336 ## - İÇERİK TÜRÜ | |
| Content type term | metin |
| Content type code | txt |
| Source | rdacontent |
| 337 ## - MEDYA TÜRÜ | |
| Media type term | aracısız |
| Media type code | n |
| Source | rdamedia |
| 338 ## - TAŞIYICI TÜRÜ | |
| Carrier type term | cilt |
| Carrier type code | nc |
| Source | rdacarrier |
| 490 0# - DİZİ BİLDİRİMİ | |
| Dizi Bildirimi | Veröffentlichungen der Societas Uralo-Altaica |
| 500 ## - GENEL NOT | |
| Genel Not | Includes bibliographical references and index. |
| 650 #0 - KONU BAŞLIĞI EK GİRİŞ - KONU TERİMİ | |
| Konusal terim veya coğrafi ad | Xuanzang, approximately 596-664. |
| 9 (RLIN) | 121291 |
| 650 #0 - KONU BAŞLIĞI EK GİRİŞ - KONU TERİMİ | |
| Konusal terim veya coğrafi ad | Da Tang da ci en si Sanzangfashi zhuan. |
| 9 (RLIN) | 121292 |
| 650 #0 - KONU BAŞLIĞI EK GİRİŞ - KONU TERİMİ | |
| Konusal terim veya coğrafi ad | Buddhist priests--China--Biography. |
| 9 (RLIN) | 72768 |
| 830 0# - SERİ EK GİRİŞİ - TEKBİÇİM ESER ADI | |
| Tekbiçim Başlık | Veröffentlichungen der Societas Uralo-Altaica |
| 9 (RLIN) | 121293 |
| 942 ## - EK GİRİŞ ÖGELERİ (KOHA) | |
| Source of classification or shelving scheme | Library of Congress Classification |
| Koha item type | Book |
| Materyal Türü | Kalıcı Konum | Mevcut Konum | Raf Yeri | Sınıflandırma Kaynağı | Edinim Bilgisi | Ana Konular | Alt Konular | Yer Numarası | Demirbaş Numarası | Fatura Tarihi | Geri Çekilme Durumu | Kayıp Durumu | Hasarlı Durumu | Kredi için değil | Kayıt Tarih | Toplam Ödünçverme | Son Görülme Tarihi | Son Kontrol Tarihi |
|---|---|---|---|---|---|---|---|---|---|---|---|---|---|---|---|---|---|---|
| Book | Prof. Dr. Azmi Özcan Kütüphanesi | Prof. Dr. Azmi Özcan Kütüphanesi | Uluğbey Salonu | Library of Congress Classification | Satın | FELSEFE, PSİKOLOJİ, DİN | Budizm | BQ8149.H78 H82 2001 | 0064998 | 02/02/2026 | 18/11/2019 | 1 | 05/03/2025 | 05/03/2025 |
